| 000 | 00844nas a2200289 4500 | ||
|---|---|---|---|
| 001 | BR0203245 | ||
| 003 | BR-BrBNA | ||
| 005 | 20231205103047.0 | ||
| 007 | ta | ||
| 008 | 230509b bl.|||p| |||| 00| 00por d | ||
| 040 |
_aBR-BrBNA _bpor _cBiblioteca Nacional de Agricultura |
||
| 041 | _a(Pt) | ||
| 072 | _aH10 | ||
| 100 | 1 | _aBionde, C.M. | |
| 100 | 1 | _aPrado, M.D.C. | |
| 100 | 1 | _aMedeiros, J.E. | |
| 100 | 1 | _aPedrosa, E.M.R. | |
| 100 | 1 | _aMoura, R.M. | |
| 245 | 1 | _aTolerância do coentro ao parasitismo do nematóide Meloidogyne incognita raça 1 | |
| 650 | _aCOENTRO | ||
| 650 | _aMELOIDOGINOSE | ||
| 650 | _aVARIEDADE | ||
| 650 | _aPATOGENICIDADE | ||
| 773 | 0 |
_tNematologia Brasileira (Brazil) _xISSN 0102-2997 _g(Dec 2001), v. 25(2) p. 239-241 _wBR0203245 |
|
| 909 |
_a202311 _bLúcia _c55 _dLúcia Elande |
||
| 942 |
_2AGRIS _n0 _cANA |
||
| 999 |
_c170840 _d170840 |
||